| 000 | 01088cab a2200325 4500 | ||
|---|---|---|---|
| 001 | ABS55743 | ||
| 008 | 090401t1996 xxu||||| |||| 00| 0 eng d | ||
| 035 | _a(Sirsi) u18499 | ||
| 041 | _aeng | ||
| 100 | _aHopkins, N. | ||
| 245 | _aSurrender as an assignment and the protection of third parties | ||
| 260 | _c1996 | ||
| 350 | _a0 | ||
| 490 |
_aThe Conveyancer _v60 July-August 1996, 284-294(11) |
||
| 520 | _aConsiders whether the surrender of a lease is an assignment or determination reviewing conflicting case law and the impact on the protection of the interests of third parties. | ||
| 650 | _aASSIGNMENT | ||
| 650 | _aDETERMINATION | ||
| 650 | _aE S SCHWAB & CO LTD V MCCARTHY | ||
| 650 | _aLANDLORD AND TENANT (COVENANTS) ACT 1995 | ||
| 650 | _aLEASES | ||
| 650 | _aNON-DEROGATION FROM GRANT | ||
| 650 | _aPENNELL V PAYNE | ||
| 650 | _aRESTRAINT ORDERS | ||
| 650 | _aST MARYLEBONE PROPERTY CO LTD V FAIRWEATHER | ||
| 650 | _aSURRENDER OF LEASES | ||
| 650 | _aTHIRD PARTIES | ||
| 690 | _aPROPERTY LAW AND PRACTICE | ||
| 942 | _n0 | ||
| 948 | _c04/03/1997 | ||
| 999 |
_c12302 _d12302 |
||